Miserere mei Deus

Bibliographic Details
Main Author: Veselková, Marcela, 1981- (Author)
Format: Article
Language:Slovak
ISSN:1335-1702
Subjects:

MARC

LEADER 00000nab a2200000 a 4500
001 vtls000831456
003 SK-MaSNL
005 20260304104840.0
008 250429c2002 xo 0 slo
015 |a SNBRB2003/04-11404 
035 |a CLN000183111 
035 |a urn:nbn:sk:snk-ab9xj9 
035 |a (urnnbn)urn:nbn:sk:snk:ar-a093kt 
035 |a (uuid)1eb5aec6-ba3c-48e7-9df0-92d5d2c79a99 
040 |a SNKBUCL  |b slo  |c SNKBUCL  |e AACR2 
041 0 |a slo 
044 |a xo  |c SK 
080 |a 885.4-1  |2 1997 
100 1 |a Veselková, Marcela,  |d 1981-  |4 aut  |9 107726 
245 1 0 |a Miserere mei Deus  |c Marcela Veselková 
650 0 7 |a lyrické básne, slovenské  |2 snkbucl  |9 28980 
655 7 |a články z novín a časopisov  |2 snkbucl  |9 267496 
773 0 |t RAK  |g Roč. 7, č. 11-12 (2002), s. 32-34  |x 1335-1702 
850 |a Slovenská národná knižnica 
852 |a Slovenská národná knižnica 
958 |a article13 
958 |a OND 
958 |a LX 
958 |a SK 
958 |a EUIPO 
992 |a RBX 
999 |c 2853258  |d 2855188